| 000 | 00911caa a22002417a 4500 | ||
|---|---|---|---|
| 999 |
_c414557 _d414557 |
||
| 001 | 127434 | ||
| 003 | UA-OsUOA | ||
| 005 | 20200117141133.0 | ||
| 007 | ta | ||
| 008 | 20171130b un ||||| |||| 00| 0 ukr d | ||
| 040 |
_aUA-OsUOA _bukr _cUA-OsUOA _dUA-OsUOA |
||
| 041 | _aukr | ||
| 080 | _a908 | ||
| 090 |
_a908 _bБ83 |
||
| 100 | _aБорщевич В. | ||
| 245 |
_aЗ історії видання богословської літератури українською мовою на Волині у 20–30 роках ХХ ст. _cВ. Борщевич |
||
| 300 | _aС. 309-312 | ||
| 650 | 7 |
_a908 Краєзнавство _2UDC |
|
| 773 | 0 |
_0320239 _9338333 _dОстрог Острозька академія 1999 _o63558 _tНаукові записки _w(UA-OsUOA) 33791 _z966-76-31-01-Х |
|
| 942 |
_cBKA _2udc |
||
| 955 | _a1 | ||